Country Head to Head (with flags) - Statistics

General Stats
  • This quiz has been taken 307 times
  • The average score is 7 of 10
Answer Stats
Question Answer % Correct
Smallest country
100%
African
96%
Biggest country
93%
Island
89%
Landlocked
75%
Borders more countries
61%
More southern
61%
More northern
43%
More red on flag
39%
Has a bigger coast
36%
No matching quizzes found
Score Distribution
Percent of People with Each Score
Percentile by Number Answered
Your Score History
You have not taken this quiz